| 000 | 01154nam a2200253 i 4500 | ||
|---|---|---|---|
| 001 | 165945 | ||
| 003 | ES-MaACL | ||
| 005 | 20250826015757.0 | ||
| 008 | 960604s1780 fr a e 001 0 lat d | ||
| 245 | 0 | 0 | _aTable analytique et raisonnée des matieres contenues dans les XXXIII volumes in-folio du dictionnaire des sciences, des arts et des mètiers, et dans son supplément. |
| 260 |
_aA Paris : _bchez Panckoucke ; _aA Amsterdam : _bchez Marc-Michel Rey, _c1780. |
||
| 300 |
_a2 v. ([4], 944 p. ; [4], 907 p.) ; _cFol. |
||
| 597 | _aSign.: []2, A-10Z2, 11A-11F2 ; []2, A-9Z2, 10A-10V2. | ||
| 597 | _aPort. con grab. xil. | ||
| 597 | _aAntep. | ||
| 599 | _aGrab. xil. en cabecera de texto. | ||
| 650 | 4 |
_aArte- _vDiccionarios. _910094 |
|
| 650 | 4 |
_aCiencias- _vDiccionarios. _910973 |
|
| 700 | 1 |
_aPanckoucke, Charles-Joseph, _d1736-1798 _9166645 |
|
| 700 | 1 |
_aRey, Marc-Michel. _9131749 |
|
| 740 | 0 | 2 | _aDictionnaire des sciences, des arts et des mètiers, et dans son supplément. |
| 852 | 4 |
_aES-MaACL _jR-2138-39 _z- Enc. pasta con hierros dorados _z- Ex-libris del duque de Hyjar _x- Olim: C-10433 |
|
| 999 |
_c165945 _d165945 |
||